From the cradle to the grave: Short stories (Oxford Bookworms collections)

Guardat en:
Dades bibliogràfiques
Format: Llibre
Idioma:Undetermined
Publicat: Oxford Oxford University Press 1993
Matèries:
Etiquetes: Afegir etiqueta
Sense etiquetes, Sigues el primer a etiquetar aquest registre!
Thư viện lưu trữ: Trung tâm Học liệu Trường Đại học Cần Thơ
LEADER 00511nam a2200181Ia 4500
001 CTU_35213
008 210402s9999 xx 000 0 und d
020 |c 34000 
082 |a 808.83 
082 |b F931 
245 0 |a From the cradle to the grave: Short stories (Oxford Bookworms collections) 
260 |a Oxford 
260 |b Oxford University Press 
260 |c 1993 
650 |a Short stories 
650 |x Collections 
904 |i Minh, Qhieu 
980 |a Trung tâm Học liệu Trường Đại học Cần Thơ